Engineering Drawing and Graphic Technology (Record no. 1666)

MARC details
005 - DATE AND TIME OF LATEST TRANSACTION
control field 20250620135606.0
020 ## - INTERNATIONAL STANDARD BOOK NUMBER
International Standard Book Number 0-07-022158-8
082 ## - DEWEY DECIMAL CLASSIFICATION NUMBER
Classification number LM 604. 2 FRE
100 ## - MAIN ENTRY--PERSONAL NAME
Author name FRENCH, T. E.
245 ## - TITLE STATEMENT
Title Engineering Drawing and Graphic Technology
250 ## - EDITION STATEMENT
Edition statement 12th Ed.
260 ## - PUBLICATION, DISTRIBUTION, ETC.
Place of publication, distribution, etc. New York,
Name of publisher, distributor, etc. McGraw-Hill,
300 ## - PHYSICAL DESCRIPTION
Extent ix, 950p.: ill.; figures, pictures, tables.
Other physical details Index.
Dimensions 24cm.
700 ## - ADDED ENTRY--PERSONAL NAME
Other authors/Editors VIERCK, C. J.
942 ## - ADDED ENTRY ELEMENTS (KOHA)
Source of classification or shelving scheme Dewey Decimal Classification
Koha item type Books
Holdings
Date last seen Total checkouts Full call number Barcode Cost, replacement price Price effective from Koha item type Lost status Source of classification or shelving scheme Damaged status Not for loan Withdrawn status Home library Current library Shelving location Date acquired Cost, normal purchase price
04/25/2025   LM 604. 2 FRE 0000004323 30000.00 04/25/2025 Books   Dewey Decimal Classification       College of Business Education Main Library College of Business Education Main Library General Collection 07/04/1988 10000.00
04/25/2025   LM 604.2 FRE 0000004324 30000.00 04/25/2025 Books   Dewey Decimal Classification       College of Business Education Main Library College of Business Education Main Library General Collection 07/04/1988 10000.00
04/25/2025   LM 604. 2 FRE 0000004325 30000.00 04/25/2025 Books   Dewey Decimal Classification       College of Business Education Main Library College of Business Education Main Library General Collection 07/04/1988 10000.00
04/25/2025   LM 604.2 FRE 0000004326 30000.00 04/25/2025 Books   Dewey Decimal Classification       College of Business Education Main Library College of Business Education Main Library General Collection 07/04/1988 10000.00